Diary of a wimpy kid big shot (Record no. 614780)

000 -LEADER
fixed length control field 00304nam a22001337a 4500
020 ## - INTERNATIONAL STANDARD BOOK NUMBER
International Standard Book Number 9780241454145
082 ## - DEWEY DECIMAL CLASSIFICATION NUMBER
Classification number 813.6
Author Mark KIN
100 ## - MAIN ENTRY--PERSONAL NAME
Personal name Kinney,Jeff
245 ## - TITLE STATEMENT
Title Diary of a wimpy kid big shot
260 ## - PUBLICATION, DISTRIBUTION, ETC.
Place of publication, distribution, etc. UK:
Name of publisher, distributor, etc. Penguin random house,
Date of publication, distribution, etc. 2021,
300 ## - PHYSICAL DESCRIPTION
Extent 217p.;
563 ## - BINDING INFORMATION
Binding note PB
942 ## - ADDED ENTRY ELEMENTS (KOHA)
Source of classification or shelving scheme
Koha item type Book
Holdings
Withdrawn status Lost status Source of classification or shelving scheme Damaged status Not for loan Permanent Location Current Location Shelving location Date acquired Source of acquisition Total Checkouts Total Renewals Full call number Barcode Checked out Date last seen Date last checked out Price effective from Koha item type
          Central Library (CL) Central Library (CL) Children Section 09/23/2025 Donated by Children - Summer Camp, 2025. 2 3 813.6 KIN CL-CS-10 06/08/2026 01/26/2026 11/09/2025 09/23/2025 Children Section
© 2023 Central Library, National University of Sciences and Technology. All Rights Reserved.